| 000 | 00821nam a2200229 4500 | ||
|---|---|---|---|
| 001 | 135743 | ||
| 003 | ES-MaACL | ||
| 005 | 20231227180011.0 | ||
| 007 | t| | ||
| 008 | 070214s1975 sp r ||||1| spa d | ||
| 100 | 1 |
_aRuiz de Alarcón y Mendoza, Juan. _9100719 |
|
| 245 | 1 | 0 |
_aTres comedias de `enredo` / _cJuan Ruiz de Alarcón ; edición preparada por J. de Entrambasaguas. |
| 260 |
_aMadrid : _bEd. Nacional, _c1975. |
||
| 300 |
_a443 p. ; _c18 cm. |
||
| 500 | _aContiene: El desdichado en fingir ; La industria y la suerte ; Mudarse por mejorarse. | ||
| 700 | 1 |
_aEntrambasaguas, Joaquín de, _d1904-1995 _947309 |
|
| 740 | 0 | _aEl desdichado en fingir. | |
| 740 | 0 | _aLa industria y la suerte. | |
| 740 | 0 | _aMudarse por mejorarse. | |
| 852 |
_aES-MaACL _jE-8481 _bR.92219 |
||
| 999 |
_c135743 _d135743 |
||